[Event "IV Weekend"]
[Site "Porto Sant'Elpidio ITA"]
[Date "2001.11.03"]
[Round "5"]
[White "Di Giovanni, Isidoro"]
[Black "Baleani, Emanuele"]
[Result "1/2-1/2"]
[WhiteElo "1540"]
[BlackElo "1572"]
[PlyCount "105"]
[EventDate "2001.11.01"]

1.e4 c5 2.d4 cxd4 3.c3 dxc3 4.Nxc3 Nc6 5.Bc4 e6 6.Nf3 a6 7.O-O d6 8.Qe2 
Be7 9.Rd1 Qc7 10.Bf4 Nf6 11.e5 dxe5 12.Nxe5 Nxe5 13.Bxe5 Qc6 14.Rac1 O-O 
15.Bb3 Qe8 16.Ne4 Nxe4 17.Qxe4 Qb5 18.Bc2 g6 19.Bd3 Qb4 20.Rc4 Qa5 21.Ra4 
Qb6 22.Bc2 Rd8 23.Rxd8+ Qxd8 24.Rd4 Qb6 25.Qd3 f6 26.Bd6 e5 27.Bb3+ Kg7 
28.Qc4 Bxd6 29.Qf7+ Kh6 30.Rh4+ Kg5 31.Qxh7 Bf8 32.Rh5+ gxh5 33.Qg8+ Kf5 
34.Bc2+ e4 35.Qh7+ Ke5 36.Qxe4+ Kd6 37.Qf4+ Ke7 38.Bb3 Be6 39.Qe4 Bg7 40.
g3 Qc6 41.Qb4+ Kf7 42.Bxe6+ Kxe6 43.Qb3+ Ke7 44.Qe3+ Qe6 45.Qa3+ Kf7 46.
Qb4 Rb8 47.b3 Bf8 48.Qa5 Bc5 49.Qxc5 Qe1+ 50.Kg2 Qe4+ 51.Kg1 Qe1+ 52.Kg2 
Qe4+ 53.Kg1 1/2-1/2

[Event "IV Weekend"]
[Site "Porto Sant'Elpidio ITA"]
[Date "2001.11.03"]
[Round "5"]
[White "Fioravanti, Diego"]
[Black "Giobbi, Costantino"]
[Result "1/2-1/2"]
[WhiteElo "1822"]
[BlackElo "1686"]
[PlyCount "51"]
[EventDate "2001.11.01"]

1.e4 d6 2.d4 Nf6 3.Bd3 c6 4.c3 Nbd7 5.f4 e5 6.Nf3 Be7 7.fxe5 dxe5 8.dxe5 
Ng4 9.Bf4 Qa5 10.Qe2 Ngxe5 11.Nxe5 Nxe5 12.Bxe5 Qxe5 13.Nd2 Be6 14.O-O O-O
15.Nf3 Qh5 16.h3 Bc5+ 17.Nd4 Qe5 18.Rf3 Bxd4+ 19.cxd4 Qxd4+ 20.Kh1 Rad8 
21.e5 Rd7 22.Rg3 Rfd8 23.Bxh7+ Kxh7 24.Qh5+ Kg8 25.Rxg7+ Kxg7 26.Qg5+ 
1/2-1/2

[Event "IV Weekend"]
[Site "Porto Sant'Elpidio ITA"]
[Date "2001.11.03"]
[Round "5"]
[White "Foglia, Maurizio"]
[Black "Bruno, Fabio"]
[Result "0-1"]
[WhiteElo "2096"]
[BlackElo "2264"]
[PlyCount "46"]
[EventDate "2001.11.01"]

1.e4 c5 2.c3 Nf6 3.e5 Nd5 4.d4 cxd4 5.cxd4 e6 6.Nc3 Nxc3 7.bxc3 Qc7 8.Bd2 
d6 9.exd6 Bxd6 10.Nf3 Nd7 11.Bd3 b6 12.O-O Bb7 13.h3 O-O 14.Rc1 Rac8 15.
Qe2 Rfd8 16.Bg5 Re8 17.Be4 h6 18.Bxb7 Qxb7 19.Be3 Rc7 20.Rfd1 Rec8 21.Qd3 
Qd5 22.Qa6 Rxc3 23.Qxa7 Rxc1 0-1

[Event "IV Weekend"]
[Site "Porto Sant'Elpidio ITA"]
[Date "2001.11.03"]
[Round "5"]
[White "Forani, Sandro"]
[Black "Cecannecchia, Gianluca"]
[Result "0-1"]
[WhiteElo "1446"]
[BlackElo "1576"]
[PlyCount "110"]
[EventDate "2001.11.01"]

1.d4 d5 2.c4 e6 3.Nc3 Nf6 4.Bg5 Be7 5.Nf3 O-O 6.e3 Nbd7 7.Bd3 b6 8.Qc2 Bb7
9.h4 h6 10.Bxf6 Nxf6 11.cxd5 exd5 12.Nd2 Rc8 13.a3 c5 14.dxc5 Bxc5 15.Nb3 
Be7 16.O-O-O Rc7 17.Kb1 a6 18.f3 b5 19.g4 d4 20.Rh3 Bxa3 21.Nxd4 b4 22.
Nde2 Kh8 23.bxa3 Rxc3 24.Nxc3 bxc3 25.Qxc3 Qb6+ 26.Qb4 Qxb4+ 27.axb4 Nd5 
28.Be4 Nc3+ 29.Kc2 Nxd1 30.Kxd1 Bxe4 31.fxe4 Re8 32.g5 h5 33.Rf3 Rxe4 34.
Rxf7 Kh7 35.Rf4 Rxe3 36.Kd2 Rh3 37.Ke2 Rc3 38.Kd2 Rh3 39.Kc2 Rg3 40.Kd2 
Ra3 41.Kc2 Rg3 42.Kd2 Ra3 43.Kc2 Rg3 44.Kd2 Rg4 45.Ke3 Kg6 46.Rxg4 hxg4 
47.Kf4 Kh5 48.Kg3 g6 49.Kg2 Kxh4 50.Kh2 Kxg5 51.Kg2 Kh4 52.Kh2 g3+ 53.Kg2 
g5 54.Kh1 Kh3 55.Kg1 g2 0-1

[Event "IV Weekend"]
[Site "Porto Sant'Elpidio ITA"]
[Date "2001.11.03"]
[Round "5"]
[White "Gasparroni, Daniele"]
[Black "Fratini, Mauro"]
[Result "1/2-1/2"]
[WhiteElo "1600"]
[BlackElo "1455"]
[PlyCount "51"]
[EventDate "2001.11.01"]

1.d4 d5 2.c4 Nf6 3.Nf3 Bf5 4.Nc3 e6 5.e3 c6 6.Bd3 Bxd3 7.Qxd3 Nbd7 8.O-O 
h6 9.b3 Bd6 10.Bb2 O-O 11.Rac1 c5 12.Nb5 Be7 13.Ne5 cxd4 14.exd4 Nxe5 15.
dxe5 Ng4 16.h3 a6 17.Na3 Bxa3 18.Bxa3 Nxe5 19.Qd4 Nc6 20.Qd2 dxc4 21.Qxd8 
Rfxd8 22.Rxc4 Rac8 23.Rfc1 Rd5 24.Rb4 Rd7 25.Rbc4 Rcd8 26.R4c2 1/2-1/2

[Event "IV Weekend"]
[Site "Porto Sant'Elpidio ITA"]
[Date "2001.11.03"]
[Round "5"]
[White "Graziani, Claudio"]
[Black "Bastarelli, Giuseppe"]
[Result "1-0"]
[WhiteElo "1855"]
[BlackElo "1914"]
[PlyCount "107"]
[EventDate "2001.11.01"]

1.e4 e6 2.d4 d5 3.Nc3 Nf6 4.e5 Nfd7 5.Nf3 c5 6.Bb5 a6 7.Bxd7+ Nxd7 8.Be3 
b6 9.O-O Be7 10.Ne2 O-O 11.c3 b5 12.Qd2 a5 13.Nf4 Ba6 14.Rfc1 Qc7 15.Nh5 
f5 16.Bg5 Qd8 17.h4 Rc8 18.Nf4 Rc6 19.a3 c4 20.g3 Qe8 21.Kg2 Qf7 22.Rh1 
Rb8 23.h5 Nf8 24.Bxe7 Qxe7 25.Nh4 Kf7 26.Qe2 b4 27.axb4 axb4 28.g4 Qg5 29.
Kg3 bxc3 30.bxc3 Rb3 31.Rhc1 fxg4 32.Qxg4 Qxg4+ 33.Kxg4 Bb7 34.Rc2 Ra6 35.
Rxa6 Bxa6 36.h6 gxh6 37.Kh5 Kg7 38.f3 Bb5 39.Rg2+ Kf7 40.Kxh6 Rxc3 41.Rg7+
Ke8 42.Nh5 Ng6 43.Nf6+ Kd8 44.Nxg6 hxg6 45.Kxg6 Rxf3 46.Kf7 c3 47.Kxe6 Kc8
48.Nxd5 Be8 49.Rc7+ Kd8 50.Kd6 Bf7 51.Nb6 Be6 52.d5 Rf7 53.Rxc3 Rb7 54.Rc6
1-0

[Event "IV Weekend"]
[Site "Porto Sant'Elpidio ITA"]
[Date "2001.11.03"]
[Round "5"]
[White "Rinaudo, Andrea"]
[Black "Rinaudo, Sergio"]
[Result "1-0"]
[WhiteElo "1822"]
[BlackElo "1768"]
[PlyCount "91"]
[EventDate "2001.11.01"]

1.e4 g6 2.d4 Bg7 3.Nf3 d6 4.Be3 Nf6 5.Nc3 O-O 6.Be2 b6 7.O-O Bb7 8.Nd2 c5 
9.dxc5 dxc5 10.f4 Nc6 11.e5 Nd5 12.Nxd5 Qxd5 13.Bf3 Qd7 14.c3 Ba6 15.Qa4 
Bxf1 16.Bxc6 Qd3 17.Nxf1 Rac8 18.Be4 Qe2 19.Bf3 Qxb2 20.Rc1 Rfd8 21.Qb3 
Qxb3 22.axb3 f6 23.exf6 Bxf6 24.Be4 e6 25.Nd2 b5 26.Nf3 a5 27.c4 a4 28.
bxa4 bxa4 29.Ne5 g5 30.g3 gxf4 31.gxf4 Rc7 32.Ra1 Rb8 33.Rxa4 Rb2 34.Ra8+ 
Kg7 35.Nd3 Rb1+ 36.Kg2 Bd4 37.Bxd4+ cxd4 38.c5 Rd1 39.c6 Rd2+ 40.Kg3 Kf6 
41.Ne5 Re2 42.Bd3 Rg7+ 43.Ng4+ Rxg4+ 44.Kxg4 Rg2+ 45.Kf3 Rg7 46.Rf8+ 1-0

[Event "IV Weekend"]
[Site "Porto Sant'Elpidio ITA"]
[Date "2001.11.03"]
[Round "5"]
[White "Rinaudo, Claudio"]
[Black "Trancanelli, Claudio"]
[Result "1/2-1/2"]
[WhiteElo "1696"]
[BlackElo "1530"]
[PlyCount "66"]
[EventDate "2001.11.01"]

1.d4 Nf6 2.Nf3 e6 3.e3 d5 4.Bd3 c5 5.dxc5 Bxc5 6.O-O Nc6 7.b3 Bd7 8.Bb2 a6
9.a4 O-O 10.Nbd2 Rc8 11.Rc1 Qe7 12.c4 Ba3 13.Bxa3 Qxa3 14.cxd5 Nxd5 15.Nc4
Qe7 16.e4 Nf4 17.e5 f5 18.exf6 Rxf6 19.Qd2 Rcf8 20.Nfe5 Rh6 21.g3 Nxe5 22.
Nxe5 Qg5 23.Qb2 Qh5 24.f3 Nxd3 25.Nxd3 Rxf3 26.Rxf3 Qxf3 27.Qd4 Qe2 28.h4 
Rg6 29.Qd6 Qe3+ 30.Kh2 Qe2+ 31.Kh3 Qg4+ 32.Kh2 Qe2+ 33.Kg1 Qe3+ 1/2-1/2

[Event "IV Weekend"]
[Site "Porto Sant'Elpidio ITA"]
[Date "2001.11.03"]
[Round "5"]
[White "Silvestri, Giorgio"]
[Black "Morici, Marco"]
[Result "1/2-1/2"]
[WhiteElo "1575"]
[BlackElo "1627"]
[PlyCount "81"]
[EventDate "2001.11.01"]

1.Nf3 Nf6 2.d4 b6 3.e3 Bb7 4.Be2 e6 5.O-O Be7 6.c4 d6 7.Nc3 O-O 8.Qc2 Nbd7
9.e4 c5 10.d5 e5 11.Ne1 Ne8 12.f4 exf4 13.Bxf4 Bf6 14.Nf3 h6 15.Rad1 a6 
16.Bd3 Qe7 17.Ne2 g5 18.Be3 Ne5 19.Nxe5 Bxe5 20.Bf2 Ng7 21.Bg3 Bc8 22.Bxe5
Qxe5 23.Qc3 f6 24.Rf2 Bg4 25.Rdf1 Nh5 26.Qxe5 fxe5 27.Rxf8+ Rxf8 28.Rxf8+ 
Kxf8 29.Nc3 Nf4 30.Bf1 Bd7 31.Kf2 Ke7 32.g3 Nh3+ 33.Bxh3 Bxh3 34.a3 Bd7 
35.Kf3 h5 36.h4 Kf6 37.Kf2 gxh4 38.gxh4 b5 39.cxb5 axb5 40.b4 c4 41.Ke3 
1/2-1/2

[Event "IV Weekend"]
[Site "Porto Sant'Elpidio ITA"]
[Date "2001.11.03"]
[Round "5"]
[White "Spinosa, Giovanni"]
[Black "Antei, Fabrizio"]
[Result "1-0"]
[WhiteElo "1717"]
[BlackElo "1564"]
[PlyCount "55"]
[EventDate "2001.11.01"]

1.c4 Nf6 2.g3 e6 3.Bg2 Nc6 4.Nf3 d6 5.Nc3 Bd7 6.O-O Be7 7.d4 O-O 8.b3 a6 
9.Bb2 d5 10.Ne5 dxc4 11.Nxc4 Rb8 12.e4 Na7 13.Qc2 Bb5 14.Rfd1 Bxc4 15.bxc4
c6 16.Bc1 Qc7 17.e5 Ne8 18.Ne4 g6 19.Bh6 Ng7 20.Nf6+ Kh8 21.Qe4 Qd8 22.Bg5
Bxf6 23.Bxf6 Qc7 24.Qh4 Nc8 25.Qh6 Rg8 26.g4 Ne7 27.Rd3 g5 28.Rh3 1-0

[Event "IV Weekend"]
[Site "Porto Sant'Elpidio ITA"]
[Date "2001.11.03"]
[Round "5"]
[White "Todic, Simo"]
[Black "Iaconi, Andrea"]
[Result "1-0"]
[WhiteElo "1645"]
[BlackElo "1650"]
[PlyCount "50"]
[EventDate "2001.11.01"]

1.e4 e5 2.Nf3 Nc6 3.Bb5 a6 4.Ba4 Nf6 5.O-O b5 6.Bb3 Bc5 7.Re1 O-O 8.c3 d6 
9.d4 Bb6 10.h3 h6 11.Qd3 Re8 12.a3 Bb7 13.Bc2 Na5 14.Nbd2 c5 15.d5 Bc8 16.
b4 Nb7 17.Nf1 c4 18.Qe2 a5 19.Be3 Bd7 20.Ng3 a4 21.Bxb6 Qxb6 22.Nh4 Qd8 
23.Nhf5 Bxf5 24.Nxf5 Kh7 25.Qd2 g6 1-0

[Event "IV Weekend"]
[Site "Porto Sant'Elpidio ITA"]
[Date "2001.11.04"]
[Round "6"]
[White "Antei, Fabrizio"]
[Black "Baleani, Emanuele"]
[Result "0-1"]
[WhiteElo "1564"]
[BlackElo "1572"]
[PlyCount "72"]
[EventDate "2001.11.01"]

1.d4 b6 2.e4 d6 3.Nc3 Bb7 4.Nf3 g6 5.Bg5 Bg7 6.Qd2 Nf6 7.Bd3 O-O 8.Bh6 
Nbd7 9.O-O-O a6 10.Bxg7 Kxg7 11.e5 dxe5 12.dxe5 Ng4 13.h4 Ndxe5 14.Nxe5 
Nxe5 15.Qf4 Nxd3+ 16.Rxd3 Qc8 17.Rg3 h5 18.Qe5+ Kh7 19.Qxe7 Qd8 20.Qe3 Qf6
21.f3 Kg8 22.Qf2 Qf4+ 23.Kb1 Rad8 24.Re1 Rd2 25.Ne2 Rfd8 26.b3 Rd1+ 27.
Rxd1 Rxd1+ 28.Kb2 Qd2 29.f4 Be4 30.Rc3 Re1 31.Rxc7 Rxe2 32.Qxb6 Qxf4 33.
Qb8+ Kg7 34.Rxf7+ Qxf7 35.Qb4 Rxc2+ 36.Ka3 Qf8 0-1

[Event "IV Weekend"]
[Site "Porto Sant'Elpidio ITA"]
[Date "2001.11.04"]
[Round "6"]
[White "Bastarelli, Giuseppe"]
[Black "Di Donatantonio, Franco"]
[Result "0-1"]
[WhiteElo "1914"]
[BlackElo "1789"]
[PlyCount "62"]
[EventDate "2001.11.01"]

1.e4 c5 2.Nf3 e6 3.d4 cxd4 4.Nxd4 Nc6 5.Nc3 Qc7 6.Nxc6 bxc6 7.Bd3 Nf6 8.
Qe2 d6 9.O-O Be7 10.b3 O-O 11.f4 Nd7 12.Na4 Bf6 13.Nb2 Nc5 14.c4 Nxd3 15.
Qxd3 Bb7 16.Rb1 c5 17.Be3 Qc6 18.Qd2 Qxe4 19.Rbe1 Qg6 20.Rf2 Bh4 21.g3 Bf6
22.f5 exf5 23.Qxd6 Rfd8 24.Qf4 Bxb2 25.Rxb2 Qc6 26.Kf1 Qh1+ 27.Bg1 Rd4 28.
Qxf5 Rd6 29.Rf2 Rf6 30.Qxc5 Rd8 31.Re7 Qxg1+ 0-1

[Event "IV Weekend"]
[Site "Porto Sant'Elpidio ITA"]
[Date "2001.11.04"]
[Round "6"]
[White "Bruno, Fabio"]
[Black "Rinaudo, Andrea"]
[Result "1-0"]
[WhiteElo "2264"]
[BlackElo "1822"]
[PlyCount "95"]
[EventDate "2001.11.01"]

1.Nf3 c5 2.b3 Nf6 3.Bb2 e6 4.e3 a6 5.d4 d5 6.Nbd2 Nbd7 7.Ne5 cxd4 8.Nxd7 
Bxd7 9.exd4 b5 10.Bd3 Be7 11.Qe2 Qb6 12.a3 O-O 13.O-O Ne8 14.Rfe1 Bf6 15.
Nf3 Nd6 16.Ne5 Rfd8 17.Rad1 g6 18.Bc1 Qa7 19.c3 Rac8 20.Bd2 Qb7 21.f3 Re8 
22.Rc1 Bg7 23.Qf2 Nf5 24.Bxf5 exf5 25.Nd3 a5 26.Bf4 Qc6 27.Nc5 Bf8 28.b4 
a4 29.Be5 Bxc5 30.dxc5 f6 31.Bd6 Rxe1+ 32.Rxe1 Re8 33.Rd1 Kg7 34.Qd4 Be6 
35.h4 h5 36.Bf4 Kf7 37.Kf2 Qb7 38.Bd2 Qc6 39.Qf4 Rh8 40.Re1 Bd7 41.Be3 Bc8
42.Qb8 Re8 43.Qf4 Rh8 44.Bd4 Be6 45.Bxf6 Re8 46.Bd4 Bc8 47.Qh6 Rg8 48.Qh7+
1-0

[Event "IV Weekend"]
[Site "Porto Sant'Elpidio ITA"]
[Date "2001.11.04"]
[Round "6"]
[White "Cecannecchia, Gianluca"]
[Black "Morici, Marco"]
[Result "1/2-1/2"]
[WhiteElo "1576"]
[BlackElo "1627"]
[PlyCount "74"]
[EventDate "2001.11.01"]

1.e4 e6 2.d4 d5 3.Nc3 Bb4 4.exd5 exd5 5.Bd2 Nc6 6.Nf3 Bg4 7.Be2 Nf6 8.Bg5 
O-O 9.O-O Re8 10.Re1 a6 11.a3 Bxc3 12.bxc3 Qd6 13.Bxf6 Qxf6 14.Rb1 Rab8 
15.h3 Bh5 16.Nh2 Bxe2 17.Rxe2 b6 18.Ng4 Qd6 19.Ra1 h5 20.Nh2 g6 21.Nf3 Re7
22.Qd2 Kg7 23.Rxe7 Qxe7 24.Qf4 Rc8 25.Re1 Qxa3 26.Ne5 Nxe5 27.Qxe5+ Kg8 
28.Qxd5 Qxc3 29.Re7 Rf8 30.Qb7 Qxd4 31.Rxc7 a5 32.Rc6 Re8 33.Qxb6 Re1+ 34.
Kh2 Qe5+ 35.g3 Qe4 36.g4 h4 37.Qd8+ Qe8 1/2-1/2

[Event "IV Weekend"]
[Site "Porto Sant'Elpidio ITA"]
[Date "2001.11.04"]
[Round "6"]
[White "Fioravanti, Emidio"]
[Black "Foglia, Maurizio"]
[Result "1-0"]
[WhiteElo "1720"]
[BlackElo "2096"]
[PlyCount "105"]
[EventDate "2001.11.01"]

1.e4 Nf6 2.Nc3 d5 3.exd5 Nxd5 4.Bc4 c6 5.Qf3 Nf6 6.Ne4 Nbd7 7.Qf4 Nd5 8.
Qg3 N7b6 9.Bb3 Bf5 10.d3 e6 11.Bg5 Qd7 12.Nf3 f6 13.Bd2 e5 14.O-O-O O-O-O 
15.Ba5 Bb4 16.Bxb4 Nxb4 17.Nh4 Bxe4 18.dxe4 Qc7 19.Nf5 g6 20.Ne3 Qe7 21.
Qf3 Na6 22.Nc4 Nc5 23.Nxb6+ axb6 24.Qe3 Kc7 25.f3 Ra8 26.Kb1 Ra5 27.Qc3 
Rha8 28.a3 Rb5 29.Rd2 Nxb3 30.cxb3 Rxa3 31.bxa3 Qxa3 32.Rb2 Rc5 33.Qd2 Ra5
34.Rd1 Qa1+ 35.Kc2 Rc5+ 36.Kd3 Qa6+ 37.Ke3 Kb8 38.Ra2 Ra5 39.Rda1 Kc8 40.
Rxa5 bxa5 41.Qxa5 Qxa5 42.Rxa5 Kc7 43.Kd3 Kb6 44.Ra8 Kc5 45.Kc3 b5 46.b4+ 
Kd6 47.Rd8+ Ke7 48.Rh8 h5 49.Rh7+ Kd6 50.Rh6 Ke6 51.Rxg6 Kf7 52.Rh6 Kg7 
53.Rxh5 1-0

[Event "IV Weekend"]
[Site "Porto Sant'Elpidio ITA"]
[Date "2001.11.04"]
[Round "6"]
[White "Fratini, Mauro"]
[Black "Silvestri, Giorgio"]
[Result "1/2-1/2"]
[WhiteElo "1455"]
[BlackElo "1575"]
[PlyCount "107"]
[EventDate "2001.11.01"]

1.d4 Nf6 2.Nf3 e6 3.Bf4 Be7 4.e3 O-O 5.Nbd2 d5 6.c3 c5 7.Bd3 c4 8.Bc2 Nc6 
9.Ne5 g6 10.Ndf3 Nxe5 11.dxe5 Nh5 12.Bh6 Re8 13.g4 Ng7 14.h4 b5 15.Bf4 a5 
16.a3 Bb7 17.h5 g5 18.Bg3 h6 19.Nd4 b4 20.f4 b3 21.Bb1 f5 22.Rg1 Kh8 23.
gxf5 exf5 24.Kd2 Rf8 25.fxg5 Bxg5 26.Qf3 Qe8 27.Rh1 Qf7 28.Bf4 Ne6 29.Nxe6
Qxe6 30.Bxg5 hxg5 31.Rg1 Qxe5 32.Rxg5 Qh2+ 33.Qe2 Qxe2+ 34.Kxe2 f4 35.Bg6 
Rf6 36.Re5 fxe3 37.Kxe3 Raf8 38.Re7 d4+ 39.Kxd4 Rf4+ 40.Kc5 Bf3 41.Rg1 Bg4
42.Rge1 Rc8+ 43.Kd5 Bf3+ 44.Ke5 Rg4 45.Kf6 Rf8+ 46.Rf7 Rf4+ 47.Ke7 R4xf7+ 
48.Bxf7 Rc8 49.Be6 Rc5 50.Kf6 Kh7 51.Bf5+ Kh6 52.Re7 Rc6+ 53.Ke5 Rc5+ 54.
Kf4 1/2-1/2

[Event "IV Weekend"]
[Site "Porto Sant'Elpidio ITA"]
[Date "2001.11.04"]
[Round "6"]
[White "Giobbi, Costantino"]
[Black "Gasparroni, Daniele"]
[Result "1-0"]
[WhiteElo "1686"]
[BlackElo "1600"]
[PlyCount "89"]
[EventDate "2001.11.01"]

1.d4 d5 2.Nf3 c5 3.e3 e6 4.c4 Nf6 5.Nc3 Nc6 6.Be2 Be7 7.O-O O-O 8.b3 b6 9.
Bb2 Bb7 10.Rc1 Rc8 11.Bd3 Bd6 12.Bb1 Qe7 13.Nb5 Bb8 14.dxc5 dxc4 15.Nd6 
Rfd8 16.Nxc8 Rxc8 17.Qc2 cxb3 18.axb3 bxc5 19.Qxc5 Qc7 20.Qg5 h6 21.Qh4 
Nd5 22.Be5 Qb6 23.Bxb8 Rxb8 24.Nd4 Nxd4 25.Qxd4 Qxd4 26.exd4 Ba6 27.Rfe1 
Rxb3 28.Ba2 Rd3 29.Bxd5 exd5 30.Ra1 Bc4 31.Rxa7 Rxd4 32.h3 Rd2 33.Re8+ Kh7
34.Rxf7 d4 35.Rc7 Bb3 36.Ree7 Rd1+ 37.Kh2 Kg6 38.Rxg7+ Kf6 39.Rh7 Kg6 40.
Rhd7 d3 41.Rc6+ Kg5 42.Rcd6 Bc2 43.Kg3 Re1 44.f4+ Kh5 45.Rh7 1-0

[Event "IV Weekend"]
[Site "Porto Sant'Elpidio ITA"]
[Date "2001.11.04"]
[Round "6"]
[White "Iaconi, Andrea"]
[Black "Rinaudo, Claudio"]
[Result "1/2-1/2"]
[WhiteElo "1650"]
[BlackElo "1696"]
[PlyCount "103"]
[EventDate "2001.11.01"]

1.d4 d5 2.c4 e6 3.Nc3 Nf6 4.Bg5 Be7 5.e3 O-O 6.Nf3 Nbd7 7.cxd5 exd5 8.Bd3 
b6 9.O-O Bb7 10.Rc1 c5 11.b3 Rc8 12.Qe2 cxd4 13.exd4 Re8 14.Qb2 Ne4 15.
Bxe7 Qxe7 16.Rfe1 f5 17.Nd2 Qf6 18.Bb5 Qd6 19.Ndxe4 dxe4 20.Ne2 a6 21.Bxd7
Qxd7 22.Rxc8 Rxc8 23.Rc1 a5 24.Rxc8+ Qxc8 25.Qc3 Qxc3 26.Nxc3 Kf7 27.Kf1 
g5 28.g3 Ke6 29.Ke1 Bc6 30.Kd2 f4 31.a3 h6 32.b4 axb4 33.axb4 b5 34.d5+ 
Bxd5 35.Nxb5 Ke5 36.Nc3 Bb7 37.b5 Kd4 38.gxf4 gxf4 39.Ne2+ Ke5 40.Kc3 h5 
41.h4 Kf5 42.Kd4 Kg4 43.Ke5 e3 44.f3+ Kxf3 45.Nxf4 Ba8 46.b6 Bb7 47.Nd3 e2
48.Kd4 Ba6 49.Ne1+ Kf2 50.Nc2 e1=Q 51.Nxe1 Kxe1 52.Ke3 1/2-1/2

[Event "IV Weekend"]
[Site "Porto Sant'Elpidio ITA"]
[Date "2001.11.04"]
[Round "6"]
[White "Marinucci, Johnny"]
[Black "Santurbano, Maria Vincenza"]
[Result "0-1"]
[WhiteElo "1401"]
[BlackElo "1657"]
[PlyCount "76"]
[EventDate "2001.11.01"]

1.d4 Nf6 2.Nf3 e6 3.Bf4 d5 4.e3 Be7 5.Nbd2 Nh5 6.Bg3 Nxg3 7.hxg3 b6 8.Bd3 
g6 9.Ne5 Bf6 10.Ndf3 Ba6 11.Nc6 Nxc6 12.Bxa6 O-O 13.Bb7 Na5 14.Bxa8 Qxa8 
15.Nd2 c5 16.c3 Nc6 17.O-O h5 18.Qf3 Bg7 19.Rad1 Ne7 20.Qe2 Qc8 21.f4 Nf5 
22.Kf2 h4 23.gxh4 Nxh4 24.Qg4 Nf5 25.Rh1 cxd4 26.exd4 Qa6 27.Qh3 Rc8 28.
Ra1 Qb5 29.Rhb1 Bf6 30.Kg1 Qe2 31.Nf1 Nh4 32.Nh2 Kg7 33.Ng4 Be7 34.Ne5 Rh8
35.Qg3 Nf5 36.Qf3 Qd2 37.Qf2 Rh1+ 38.Kxh1 Qxf2 0-1

[Event "IV Weekend"]
[Site "Porto Sant'Elpidio ITA"]
[Date "2001.11.04"]
[Round "6"]
[White "Rinaudo, Sergio"]
[Black "Basso, Fabrizio"]
[Result "1-0"]
[WhiteElo "1768"]
[BlackElo "1575"]
[PlyCount "96"]
[EventDate "2001.11.01"]

1.d4 Nf6 2.Nf3 g6 3.e3 Bg7 4.Bd3 O-O 5.O-O d6 6.Nbd2 c6 7.c4 Nbd7 8.b3 e5 
9.Bb2 Re8 10.Ng5 h6 11.Nge4 Nxe4 12.Nxe4 Nf6 13.Nxf6+ Bxf6 14.Qc2 Be6 15.
Rfd1 Qc7 16.Rac1 a5 17.Be4 Bd7 18.dxe5 dxe5 19.Rd2 Kg7 20.Rcd1 Rad8 21.Ba3
Bg4 22.f3 Rxd2 23.Rxd2 Be6 24.Bd6 Qb6 25.Qc3 Bc8 26.c5 Qa7 27.a4 Bf5 28.
Bc7 Bxe4 29.fxe4 Qa8 30.Bxa5 Qc8 31.h3 g5 32.Qd3 h5 33.Qd7 Qxd7 34.Rxd7 
Re7 35.Rd6 Re8 36.Bc3 Re7 37.b4 Re8 38.Rd7 Re7 39.Rxe7 Bxe7 40.Bxe5+ f6 
41.Bd4 Kf7 42.g4 hxg4 43.hxg4 Ke6 44.Kf2 Bd8 45.Ke2 Be7 46.Kd3 Bd8 47.Kc4 
Be7 48.Bc3 Kd7 1-0

[Event "IV Weekend"]
[Site "Porto Sant'Elpidio ITA"]
[Date "2001.11.04"]
[Round "6"]
[White "Sanzani, Pierluigi"]
[Black "Di Giovanni, Isidoro"]
[Result "1-0"]
[WhiteElo "1573"]
[BlackElo "1540"]
[PlyCount "159"]
[EventDate "2001.11.01"]

1.e4 g6 2.d4 d6 3.Nc3 Bg7 4.Be3 a6 5.Qd2 Nf6 6.f3 b5 7.Bh6 O-O 8.Bxg7 Kxg7
9.g4 e5 10.O-O-O Nc6 11.Nge2 b4 12.Nd5 a5 13.h4 Nxd5 14.exd5 Nxd4 15.Nxd4 
exd4 16.Qxd4+ Qf6 17.Bb5 Qxd4 18.Rxd4 f5 19.Rc4 Rf7 20.Re1 Bd7 21.Bc6 Bxc6
22.Rxc6 fxg4 23.fxg4 h5 24.gxh5 gxh5 25.Rg1+ Kh6 26.Rg5 Re8 27.Rc4 Re2 28.
Kd1 Rh2 29.Rg1 Rf5 30.Rxc7 Rxh4 31.Rcg7 Rxd5+ 32.Ke2 Rg4 33.R1xg4 hxg4 34.
Rxg4 Re5+ 35.Kd3 Kh5 36.Rg8 Rd5+ 37.Ke3 Rc5 38.Kd2 Rd5+ 39.Kc1 Rg5 40.Ra8 
Kg4 41.a3 bxa3 42.bxa3 Rc5 43.Rb8 Kf4 44.Re8 Re5 45.Rd8 d5 46.c3 Ke4 47.
Ra8 d4 48.Kd2 dxc3+ 49.Kxc3 Rc5+ 50.Kb3 Rb5+ 51.Kc4 Re5 52.a4 Ke3 53.Rc8 
Re4+ 54.Kb5 Re5+ 55.Kb6 Kd4 56.Rc1 Kd3 57.Rc5 Re6+ 58.Kxa5 Kd4 59.Kb5 Re8 
60.Rc6 Re5+ 61.Kb6 Re8 62.a5 Kd5 63.Rc7 Kd6 64.a6 Ra8 65.Rc1 Rb8+ 66.Ka7 
Rb2 67.Ka8 Kd7 68.a7 Rb3 69.Rh1 Kc7 70.Rh7+ Kc8 71.Rh8+ Kc7 72.Rb8 Ra3 73.
Rb4 Kc8 74.Rc4+ Kd7 75.Kb7 Rb3+ 76.Ka6 Ra3+ 77.Kb6 Rb3+ 78.Ka5 Rb1 79.a8=Q
Ra1+ 80.Ra4 1-0

[Event "IV Weekend"]
[Site "Porto Sant'Elpidio ITA"]
[Date "2001.11.04"]
[Round "6"]
[White "Spinosa, Giovanni"]
[Black "Fioravanti, Diego"]
[Result "1-0"]
[WhiteElo "1717"]
[BlackElo "1822"]
[PlyCount "85"]
[EventDate "2001.11.01"]

1.c4 Nf6 2.g3 c6 3.Bg2 d5 4.cxd5 Nxd5 5.Nc3 Nxc3 6.bxc3 e5 7.Rb1 Bc5 8.d3 
O-O 9.Nf3 Re8 10.O-O Qe7 11.Nd2 Be6 12.c4 Na6 13.Bb2 f6 14.Nb3 Bb6 15.a4 
Rad8 16.a5 Bc7 17.Qc1 Bg4 18.Qe3 Bb8 19.h3 Be6 20.Kh2 c5 21.Ba3 Bd6 22.Nd2
Rb8 23.Ne4 b6 24.axb6 axb6 25.Rb3 f5 26.Nxd6 Qxd6 27.Bb2 Bf7 28.Bc3 Nc7 
29.Qg5 Bg6 30.f4 exf4 31.gxf4 Rxe2 32.Be5 Qd7 33.Kh1 b5 34.Ra1 Ne6 35.Qg3 
Re8 36.Rxb5 Kh8 37.Rb7 Qd8 38.Bd5 Rxe5 39.fxe5 f4 40.Qg4 Bxd3 41.Rd1 Bg6 
42.Bxe6 Qa8 43.Bd5 1-0

[Event "IV Weekend"]
[Site "Porto Sant'Elpidio ITA"]
[Date "2001.11.04"]
[Round "6"]
[White "Todic, Simo"]
[Black "Graziani, Claudio"]
[Result "0-1"]
[WhiteElo "1645"]
[BlackElo "1855"]
[PlyCount "120"]
[EventDate "2001.11.01"]

1.e4 c5 2.b3 d6 3.Bb2 e6 4.d4 cxd4 5.Qxd4 Nc6 6.Qd2 Nf6 7.Nc3 Be7 8.Nf3 
O-O 9.Be2 a6 10.O-O Qc7 11.Qf4 b5 12.a3 e5 13.Qd2 Bb7 14.Rad1 Rac8 15.h3 
Nb8 16.Rfe1 Nxe4 17.Nxe4 Bxe4 18.c4 Bc6 19.cxb5 axb5 20.Bd3 Qb7 21.Qe2 
Rce8 22.Qc2 g6 23.Be2 f5 24.Bc1 f4 25.a4 bxa4 26.bxa4 Nd7 27.Ba3 d5 28.
Bxe7 Rxe7 29.a5 Nb8 30.Rb1 Qd7 31.Rb6 Ba8 32.Reb1 Qa7 33.Qb2 Nd7 34.Ra6 
Qc7 35.Rc1 Qd8 36.Qc3 Rfe8 37.Bb5 Re6 38.Ra7 Rd6 39.Bxd7 Rxd7 40.Rxd7 Qxd7
41.Nxe5 Qd6 42.Nc6 f3 43.gxf3 Qf4 44.Nd4 Qg5+ 45.Kh2 Qh4 46.Kg2 Qg5+ 47.
Kh2 Qf4+ 48.Kg1 Re5 49.Qc8+ Kg7 50.Rc7+ Kh6 51.Ne2 Rxe2 52.Kf1 Rb2 53.Qxa8
Rb1+ 54.Ke2 Qe5+ 55.Kd3 Qxc7 56.Qf8+ Kh5 57.Qh8 Qc4+ 58.Ke3 Re1+ 59.Kd2 
Qc1+ 60.Kd3 Rd1+ 0-1

[Event "Weekend A Novembre"]
[Site "Torino ITA"]
[Date "2001.11.??"]
[Round "?"]
[White "De Santis, Alessio"]
[Black "D'Ingiullo, Roberto"]
[Result "1-0"]
[WhiteElo "2345"]
[BlackElo "1807"]
[PlyCount "55"]
[EventDate "2001.11.01"]

1. d4 Nc6 2. d5 Ne5 3. g3 e6 4. Nc3 Nf6 5. Bg2 Bc5 6. Nh3 h6 7. O-O O-O 8. Na4
Be7 9. e4 exd5 10. f4 Nc6 11. exd5 Nb8 12. c4 d6 13. Nf2 Nbd7 14. Nc3 Nb6 15.
b3 Re8 16. Bb2 Bf8 17. Qd4 Bf5 18. h3 h5 19. Bf3 Qd7 20. Kh2 Re7 21. Rg1 Rae8
22. g4 hxg4 23. hxg4 Bg6 24. Rg3 Re3 25. Rag1 R8e7 26. f5 Bh7 27. Nce4 Nxe4 28.
Nxe4 1-0

[Event "Weekend A Novembre"]
[Site "Torino ITA"]
[Date "2001.11.??"]
[Round "?"]
[White "Fassio, Luca"]
[Black "De Santis, Alessio"]
[Result "0-1"]
[WhiteElo "2201"]
[BlackElo "2345"]
[PlyCount "64"]
[EventDate "2001.11.01"]

1. e4 c5 2. c3 d6 3. d4 Nd7 4. Nf3 Qc7 5. Bd3 g6 6. O-O Bg7 7. Na3 a6 8. Re1 b5
9. Nc2 c4 10. Bf1 Bb7 11. d5 Ngf6 12. Nfd4 Nc5 13. f3 O-O 14. Bg5 h6 15. Bh4
Kh7 16. Qd2 Rae8 17. Rad1 Nfd7 18. Bg3 Ne5 19. Bxe5 dxe5 20. b4 Nd3 21. Ne2 h5
22. Nc1 Nxe1 23. Qxe1 Qb6+ 24. Kh1 Rd8 25. g3 Bh6 26. Bg2 e6 27. dxe6 Rxd1 28.
Qxd1 Rd8 29. Qf1 Qxe6 30. Ne2 Rd2 31. Ne1 Qb6 32. f4 Qe3 0-1

[Event "Weekend A Novembre"]
[Site "Torino ITA"]
[Date "2001.11.??"]
[Round "?"]
[White "Fassio, Luca"]
[Black "Rotundo, Raffaele"]
[Result "1/2-1/2"]
[WhiteElo "2201"]
[BlackElo "1672"]
[PlyCount "62"]
[EventDate "2001.11.01"]

1. e4 e6 2. d4 d5 3. Nd2 Nf6 4. e5 Nfd7 5. Bd3 c5 6. c3 Nc6 7. Ne2 Qb6 8. Nf3
cxd4 9. cxd4 f6 10. exf6 Nxf6 11. O-O Bd6 12. a3 O-O 13. b4 e5 14. dxe5 Nxe5
15. Nxe5 Bxe5 16. Ra2 Bxh2+ 17. Kxh2 Ng4+ 18. Kg3 h5 19. Nd4 Qf6 20. Nf3 Qd6+
21. Kh4 Nxf2 22. Bh7+ Kxh7 23. Ng5+ Kg8 24. Raxf2 Rxf2 25. Rxf2 Qh2+ 26. Nh3
Bxh3 27. Bf4 Bg4+ 28. Bxh2 Bxd1 29. Rd2 Bg4 30. Rxd5 Rc8 31. Be5 Kf7 1/2-1/2

[Event "Weekend A Novembre"]
[Site "Torino ITA"]
[Date "2001.11.??"]
[Round "?"]
[White "Pulito, Alberto"]
[Black "Rotundo, Raffaele"]
[Result "1/2-1/2"]
[WhiteElo "2030"]
[BlackElo "1672"]
[PlyCount "60"]
[EventDate "2001.11.01"]

1. e4 e6 2. d4 d5 3. e5 c5 4. c3 Nc6 5. Nf3 Qb6 6. a3 c4 7. Nbd2 f6 8. exf6
Nxf6 9. g3 Bd6 10. Bg2 O-O 11. O-O e5 12. dxe5 Nxe5 13. Nxe5 Bxe5 14. Bxd5+
Nxd5 15. Nxc4 Qc5 16. Nxe5 Bh3 17. b4 Nxb4 18. Qb3+ Qd5 19. Qxd5+ Nxd5 20. Re1
Nxc3 21. Bd2 Nd5 22. Rad1 Nf6 23. Bb4 Rfe8 24. f3 Be6 25. Rc1 Rac8 26. Rxc8
Rxc8 27. Ng6 Kf7 28. Ne5+ Kg8 29. Nd3 Re8 30. Nf4 Bd7 1/2-1/2